[Event "Morelia/Linares 23rd"]
[Site "Morelia/Linares"]
[Date "2006.03.10"]
[Round "13"]
[White "Topalov, Veselin"]
[Black "Leko, Peter"]
[Result "1-0"]
[WhiteElo "2801"]
[BlackElo "2740"]
[Annotator "Golod,V"]
[PlyCount "141"]
[EventDate "2006.02.18"]
[EventType "tourn"]
[EventRounds "14"]
[EventCountry "ESP"]
[EventCategory "20"]
[SourceTitle "CBM 112"]
[Source "ChessBase"]
[SourceDate "2006.06.07"]
[SourceVersion "1"]
[SourceVersionDate "2006.06.07"]
[SourceQuality "1"]

{This game was played in the last but one round. To keep any chance of getting
the first place, Veselin Topalov has to win this game, whereas the leader for
that moment, Peter Leko, needed only a draw. Since this game generated a lot
of interest, but was commented not only once, so in my comments, I will use
some comments of IM Maxim Notkin's (M.N.) "www.chesspro.ru", GM Mihail Marin 
(M.M.) "www.chessbase.com" and GM Konstantin Sakaev (K.S.) "www.e3e5.com".} 1.
d4 Nf6 2. c4 e6 3. Nc3 Bb4 4. Qc2 O-O 5. a3 Bxc3+ 6. Qxc3 b6 7. Bg5 Bb7 8. Nf3
d6 9. Nd2 Nbd7 10. f3 d5 11. cxd5 {This exchange is usually effectuated after
the inclusion of the moves 11.e3 Re8.} exd5 12. e3 Re8 13. Be2 $146 ({The
apparently more ambitious} 13. Bb5 $5 {has been tried at the highest possible
level:} c6 14. Be2 Qe7 15. b4 h6 16. Bxf6 Nxf6 17. Kf2 Qd6 18. Nf1 a5 19. Ng3
Ba6 20. Bxa6 Rxa6 21. Rhc1 b5 22. bxa5 Rea8 23. Nf5 Qe6 24. g4 $14 {Kasparov,
G-Karpov,A/Frankfurt,1999/(1/2-1/2)(49)}) 13... Rc8 14. O-O ({M.N. "This
deserved attention:} 14. Bh4 $5 {[%csl Re3][%cal Gh4f2,Gf2e3]} Ne4 15. Bxd8
Nxc3 16. bxc3 Rcxd8 17. Kf2 c5 18. a4 $14 {with a small advantage for White".})
14... Qe7 {[%csl Re3][%cal Ge8e3,Gh7h6] Black uses the fact that the white
bishop is on "g5", and not on "h4" (what could have been after "h6" and "Bh4")
to pressure on "e3".} 15. Bb5 {The weakness on "e3" forces White to part with
one of his bishops. M.M. "Now that White has castled, the transfer of the
bishop to a4 looks entirely possible. Topalov seems not to be put off by
having to lose a tempo in order to carry out his plans".} c6 16. Ba4 h6 17.
Bxf6 Nxf6 $11 {White didn't get any advantage out of the opening, but got good
space advantage and the weakness of the "c6" pawn allows White to play this
position without any risks. On the other hand, Black has a reliable position,
and a player on Leko's level should easily be able to make a draw here.} 18.
Rfe1 b5 $6 {[%csl Rb5,Rc6,Rd5] Unnecessarily weakening the pawn structure of
the queen side.} (18... Nd7 $5) 19. Bc2 c5 {Black gets rid of one weakness
while gaining another.} 20. Bf5 {Very resourceful bishop :)} Rc7 ({Another
option is:} 20... cxd4 21. Qxd4 Rc7 22. Bd3 $14) 21. dxc5 Rxc5 {M.M. "Leko
understood that in this case the exchange of the queens with:} (21... Qxc5 22.
Qxc5 Rxc5 {would not bring him any closer to draw. White would transfer his
knight to d4 with:} 23. Nb3 Rc7 24. Nd4 {with a clear positional advantage. If
Black could retreat his b-pawn to b6, his position would most likely be
defensible, but the way it is he risks getting into a typical ending with a
bad bishop".}) 22. Qd4 $6 {It's generally known that the queen is not too well
suited for the purpose of the blockade.} ({It deserves more attention:} 22. Qb4
$5 {/\Nb3-d4 +/=}) 22... a6 23. a4 {M.M & K.S. "Another dubious decision.
Topalov opens the a-file for his rook, but in doing so he helps Black to get
rid of one of his pawns placed on the same colour as the bishops, thus
bringing him some positional relief. More naturally seems the game over the
dark squares.} (23. b4 $5 Rc7 24. Bd3 {[%cal Gd2b3,Yb3c5,Yb3d4] with
positional domination".}) 23... bxa4 24. Rxa4 Rc6 25. b4 Qe5 {M.M.&K.S. "A
strong defensive move, underlining White's lack of stability on d4. If White
could play now 26.Nb3, he would preserve his positional advantage intact, but,
unfortunately the bishop is hanging".} (25... Qc7 $143 26. Bd3 Nd7 27. Nb3 Ne5
28. Nc5 Nxd3 29. Qxd3 Rg6 30. Qd4 $14) 26. Qxe5 Rxe5 27. Bd3 Rb6 {M.M. "The
relative weakness of the b4-pawn partly compensates for the weak a6-pawn".} ({
K.S. "} 27... Re7 $5 28. Kf2 Nd7 {/\Ne5 ".}) 28. Kf2 ({M.N. "} 28. Nb3 $143 Bc6
29. Rxa6 Rxb4 {and Black should be able to maintain this position".}) 28... Bc8
{[%cal Gc8d7,Gd7a4]} (28... Bc6 $2 29. Rxa6 $18) 29. Rb1 {Defending the "b4"
pawn.} Bf5 {M.M. "By exchanging his "bad" bishop, Black makes further progress
in his way to equalize, although White still maintains some advantage because
of the active placement of his pieces and the better pawn structure".} 30. Bxf5
(30. Ke2 $5) 30... Rxf5 31. Ra5 {White uses Black's awkward rook position.} g6
(31... Re5 $2 32. Nc4 $18) ({K.S. "Doesn't solve all the problems:} 31... Rh5
32. h3 Rh4 33. f4 g5 $6 34. Nf3 Rh5 35. g4 Rxh3 36. Kg2 $16 {".}) 32. Ke2 {
M.M. "By unpinning the f-pawn, White intends to win space with g4,harassing
the enemy rook at the same time".} h5 {[%csl Yh5][%cal Yh5g4]} ({M.N. "} 32...
Nd7 $5 {".}) 33. g3 Kg7 34. h3 Nd7 35. g4 hxg4 36. hxg4 ({K.S. "} 36. fxg4 $143
Re5 37. Nf3 Re4 38. Rxd5 Nf6 39. Rd4 Rxd4 40. Nxd4 Nd5 $11 {".}) 36... Re5 37.
Kf2 ({This didn't give anything:} 37. f4 Ree6 38. Rxd5 Nf6 39. Rg5 Ne4 40. Nxe4
Rxe4 41. Ra5 Rbxb4 42. Rxb4 Rxb4 43. Rxa6 g5 44. Kf3 gxf4 45. exf4 Rb3+ $11)
37... Rc6 38. Rb3 Rb6 (38... Rc2 $143 39. Ke2 Nb6 40. Kd3 Rxd2+ 41. Kxd2 Nc4+
42. Kd3 Nxa5 43. bxa5 d4 44. exd4 Rxa5 45. Kc4 $14 {Material wise the position
is equal, however, the "d" pawn gives White some chances for a win.} Kf6) 39.
f4 Ree6 40. g5 {M.M. "Winning even more space and threatening to capture the
d5-pawn. The immediate:} (40. Rxd5 {would have led nowhere because of} Nf6 {
[%csl Rd5,Rg4][%cal Gf6d5,Gf6g4] ".}) 40... Red6 41. e4 Rb5 ({K.S. "} 41... f6
$6 42. exd5 (42. gxf6+ $143 Rxf6 43. Rxd5 Rxf4+ 44. Ke3 Rf7 45. Nc4 $14) 42...
Rb5 43. Rxb5 axb5 44. Rd3 Nb6 45. gxf6+ Kf7 (45... Kxf6 $2 46. Ne4+ $18) (45...
Rxf6 46. Ke3 $18 {[%csl Rb5][%cal Ge3d4,Gd4c5,Gc5b5]}) 46. Ne4 Rxd5 47. Ra3 $18
{".}) (41... dxe4 $2 42. Nc4 $18) 42. Rxb5 axb5 43. Rd3 (43. e5 $6 Rc6 $13 {
/\ Nf8-e6, >< Pf4}) 43... Nb6 44. Nb1 {/\ Nc3 >< Pb5, Pd5} Rc6 45. exd5 ({
K.S. "} 45. Rc3 Rxc3 (45... Rc4 $6 46. Rxc4 bxc4 47. Ke3 $16) 46. Nxc3 dxe4 47.
Ke3 f5 48. gxf6+ (48. Kd4 Kf7 49. Nxb5 Ke7 $11) 48... Kxf6 49. Kxe4 (49. Nxe4+
Kf5 $11) (49. Nxb5 Nd5+ $11) 49... g5 $11 {".}) 45... Rc4 46. Kf3 Rxb4 47. Nd2
f6 48. Ne4 $1 {White's last hope is to concentrate his efforts to ensure the
advance of the d-pawn.} ({After:} 48. gxf6+ Kxf6 49. Ne4+ Kf5 50. Ng3+ Kf6 51.
d6 g5 52. fxg5+ Kxg5 53. d7 Nxd7 54. Rxd7 {This is a well known theoretical
position, and Black can easily make a draw here.}) 48... fxg5 49. Nxg5 Kf6 50.
Kg4 Nc4 51. Ne4+ (51. d6 $4 Ne5+ $19) 51... Ke7 ({M.N. "This also lead to a
draw:} 51... Kf7 $5 52. d6 (52. Kg5 $143 Nb6) 52... Ne5+ 53. fxe5 Rxe4+ 54. Kf3
Rh4 55. Rd5 (55. d7 Rh3+ 56. Ke4 Rxd3 57. Kxd3 Ke7 58. e6 g5 59. Ke4 b4 60. Kd5
b3 61. Kc6 b2 62. Kc7 b1=Q 63. d8=Q+ Kxe6 64. Qxg5 $11) 55... Rh8 56. Rxb5 Ke6
{it is unclear how white can improve his position".}) 52. d6+ Kd8 53. Kg5 Nb2
54. Re3 Rd4 $4 ({This lead to a draw:} 54... Kd7 $5 55. Kxg6 Nc4 56. Rf3 (56.
Rd3 Nxd6 $1 57. Rxd6+ (57. Nxd6 Rxf4 $11) 57... Ke7 58. Rb6 Rxe4 59. Rb7+ Kd6
60. f5 Kc5 $11) 56... Nxd6 57. Nxd6 Kxd6 $11 {Black sacrifices the rook for
the "f" pawn and compel of White to sacrifice his rook for the "b" pawn.}) {
[%tqu "En","Please find the move, which brings White a decisive advantage!","",
"","e4f6","",10]} 55. Nf6 $1 Rxd6 $140 56. Re8+ Kc7 57. Re2 $18 {[%csl Rb2,Rc7,
Rd6][%cal Gf6e8,Ge8c7,Ge8d6,Ge2b2] Now Black loses material.} Rd1 58. Rxb2 Rg1+
59. Kh6 {M.M. "White's task consists of capturing the g6-pawn without losing
his last pawn and prevent the b-pawn from becoming dangerous at the same time.
In fact, Topalov will simplify the problem. He will keep the b-pawn under
control by the permanent threat of sacrificing the knight for it, once the
capture of the g6-pawn will be ensured".} Kc6 60. Ne4 Kd5 61. Rb4 Kc6 62. Rd4
Rg4 63. Nf2 Kc5 64. Rd1 $1 Rg2 (64... Rxf4 $4 65. Nd3+) 65. Nd3+ Kc4 66. Ne5+
Kc3 67. Rc1+ Kb2 68. Rc6 Kb3 69. Rxg6 Rf2 70. Rg3+ Kc2 71. Nd3 {The further
resistance is senseless.} 1-0

[Event "Sofia MTel Masters 2nd"]
[Site "Sofia"]
[Date "2006.05.19"]
[Round "8"]
[White "Topalov, Veselin"]
[Black "Ponomariov, Ruslan"]
[Result "1-0"]
[WhiteElo "2804"]
[BlackElo "2738"]
[Annotator "Marin,M"]
[PlyCount "129"]
[EventDate "2006.05.11"]
[EventType "tourn"]
[EventRounds "10"]
[EventCountry "BUL"]
[EventCategory "20"]
[SourceTitle "CBM 113"]
[Source "ChessBase"]
[SourceDate "2006.07.31"]
[SourceVersion "1"]
[SourceVersionDate "2006.07.31"]
[SourceQuality "1"]

1. e4 e5 2. Nf3 Nc6 3. Bb5 a6 4. Ba4 Nf6 5. O-O Be7 6. Re1 b5 7. Bb3 O-O 8. h3
Bb7 9. d3 d6 10. a4 Na5 {Topalov had already some previous experience with
this position. Although played quite differently in those games, White
employed the same queen side plan as in the present game.} (10... h6 11. Bd2 b4
12. c3 a5 13. d4 bxc3 14. Bxc3 $1 {Instead of maintaining the flexibility of
his structure, White aims for rapid activation of pieces.} exd4 15. Nxd4 Nxd4
16. Qxd4 $14 {Topalov,V (2757)-Grischuk,A (2710)/Wijk aan Zee 2005/CBM 105}) (
10... Nb8 11. axb5 axb5 12. Rxa8 Bxa8 13. Na3 c6 14. c4 {Once again ruining
his pawn structure, followed by the transfer of the bishop to c3.} bxc4 15.
Nxc4 Nbd7 16. Bd2 Re8 17. Qc2 Bf8 18. Ba2 Qb8 19. Bc3 {Topalov,V (2801)
-Ivanchuk,V (2729)/Morelia/Linares 2006 with complicated, balanced, fight.})
11. Ba2 c5 12. Nbd2 Nd7 $146 (12... Bc8 {was tried in Anand,V (2803)-Svidler,P
(2743)/Sofia 2006}) ({Soon after the M-Tel tournament, the following game was
played, in which Black delayed for one move the trabsfer of the bishop to e6,
possibly waiting for White to define his intentions:} 12... Qc7 13. Nf1 Bc8 14.
Bd2 ({More to the point seem to be} 14. Ne3 $5) ({or} 14. Bg5 $5 {fighting for
the d5-square.}) 14... b4 15. c3 bxc3 16. Bxc3 Nc6 17. Ne3 Rb8 18. Nh2 Be6 19.
Nhg4 Nxg4 20. hxg4 Bg5 $15 {Amonatov,F (2569)-Beliavsky,A (2622)/Turin Ol 2006}
) 13. Nf1 Nb6 14. Bd2 b4 15. c3 bxc3 16. Bxc3 {Same pattern again. In the long
run, Topalov intends to concentrate his pieces against the enemy king.} Nc6 {
In the next phase of the game, both sides will manoeuvre with their pieces in
such a way that they take under control the numerous important squares made
available after the structural modifications. Besides, White will aim to open
the long dark diagonal by means of f4.} 17. a5 Nc8 18. Ne3 N8a7 19. Nf5 {
This is a highly commital move, revealing Topalov's intentions to play
everything on one single cart: a king side attack. However, after this knight
jump, White's position loses part of its harmony.} ({More natural looks to be} 
19. Nd2 Nb5 20. Ndc4 Rb8 21. Nb6 {taking the numerous weak squares under
control. True, the weaknesses from the own camp are also under black control,
which causes the position to be more or less equal.}) 19... Bc8 20. Nd2 Rb8 21.
f4 Bxf5 22. exf5 exf4 23. Qg4 Nd4 24. Ne4 Nab5 25. Bd2 {Of course, Topalov is
not the kind of player to be afraid of "losing" an exchange after the fork on
c2. According to the terminology instituted by Rudolf Spielmann (the last of
the romantic platers, as he was frequently named) this is a passive sacrifice.
White does not force, but allows his opponent to win the exchange. Although
his compensation will prove to be insufficient, the position will be rather
difficult to handle over-the-board, which will cause Ponomariov to lose
control.} Nc2 26. Bxf4 Kh8 27. Qh5 Nxe1 (27... Nxa1 28. Rxa1 Nd4) 28. Rxe1 Qxa5
29. Ra1 {The only way to defend both attacked pieces, which, if underestimated,
could become a very dangerous attacking move at the same time.} Rbd8 $2 (29...
f6 {looks like a relatively safe way to parry White's incipient threats.} 30.
Kh2 $145 {/\ 31.Bg8!} d5 31. Bxb8 Rxb8 $19 {(Poldauf/Schach 7-2006)}) 30. f6 $2
(30. Kh2 $145 $1 {(Poldauf)} Qc7 (30... d5 31. Bxd5 $1 Qxa1 32. f6 gxf6 (32...
Qf1 33. fxg7+ Kxg7 34. Bh6+ Kh8 35. Qe5+ $18) 33. Ng5 fxg5 34. Be5+ f6 35. Be4
$18) (30... Nd4 $2 31. Bxf7 $1 Qxa1 32. Bg6 h6 33. Bxh6 $18) 31. Bxf7 Rxf7 32.
Qxf7 Rf8 33. Qd5 $16 {(Poldauf)}) 30... gxf6 {This is the correct way to
capture.} (30... Bxf6 $2 31. Nxf6 gxf6 32. Qh6 Qb4 (32... Rg8 33. Qxf6+ Rg7 34.
Bh6 Rdg8 35. Bxf7 $18) 33. Qxf6+ Kg8 {and now,} 34. Bc4 $1 $18 {[%csl Gd4]
[%cal Yf4h6] prevents ...Qd4 and threatens Bh6 followed by mate.}) 31. Kh2 $1 {
Removing the king from the exposed g1-square, White threatens 32.Bxf7 Qxa1 32.
Bg6.} d5 $2 {This natural move is the decisive mistake in fact. Black had
several reasonable continuations at his disposal.} (31... Nd4 32. Bxf7 Qxa1 33.
Bg6 Rf7 34. Bxf7 Qf1 35. Bg6 (35. Be3 Qf5) 35... Qxf4+ 36. g3 Nf3+ 37. Kg2 Ne1+
38. Kh2 $11) (31... Qc7 32. Bxf7 f5 33. Rxa6 Rxf7 (33... fxe4 34. Be5+ dxe5 35.
Rh6 $18) 34. Qxf7 Rf8 35. Nxd6 Bxd6 (35... Nxd6 $2 36. Be5+) 36. Qxf8+ Bxf8 37.
Bxc7 Nxc7 38. Rf6 $13) ({Possibly best would have ben} 31... Rg8 $5 {when it
is hard to suggest an efficient way of continuing the attack for White.}) 32.
Nxf6 Bxf6 33. d4 $3 {A brilliant move, turning the tables to White's favour.
The threat Bb1 can be parried only by sacrificing the queen.} Qxa2 34. Rxa2
Nxd4 {Black has some hopes to build up a fortress, but White's energetic play
demolishes his plan little by little.} 35. b4 $1 Ne6 (35... cxb4 {loses
material to} 36. Be5) 36. Be5 Bg7 37. bxc5 Rc8 38. Bd6 Rfd8 39. Ra5 Kg8 40.
Rxa6 Rd7 41. Qxd5 Bf8 42. Qf3 Bxd6+ 43. cxd6 Rcd8 44. Qd5 Ng7 45. Ra8 Ne6 46.
Rxd8+ Rxd8 47. g4 {Black's fortress cannot last for tyoo long, because his
king's position is too weak.} h6 48. h4 Rb8 49. Kg3 Re8 50. Kf3 Nf8 51. Qd2 Kg7
52. Qd4+ Kg8 53. Qf6 Re6 54. Qe7 Kg7 55. Qc7 Kg8 56. d7 Nxd7 57. Qxd7 Kg7 58.
Qd4+ Kg8 59. Kf4 Rg6 60. Kf5 Re6 61. Qd7 {Threatening Qxe6, which would
transpose to a winning pawn ending.} Rg6 62. h5 Rg5+ 63. Kf6 Kh8 64. Qe8+ Rg8
65. Kxf7 1-0